000 00704nam a2200169 a 4500
001 000048704
005 20201002061337.0
008 190410s2016 dr a 000 0 spa d
040 _aDO-SdBNP
_bspa
_cBNPHU
110 1 _aSuperintendencia de Electricidad
_bRepública Dominicana
_976152
245 1 0 _aReglamento para tratamiento y aprobación de planos y solicitudes interconexión a la red de distribución :
_bresolución SIE-030-2015-MEMI.
260 _aSanto Domingo :
_bSuperintendencia de Electricidad,
_c2016.
300 _a[24] p. :
_bils. ;
_c28 cm.
490 1 _aMercado eléctronico minorista (MEMI)
_v6
590 _aInventariado, 2019/VM
830 0 _aMercado eléctronico minorista (MEMI)
_976161
999 _c48192
_d48192